000 01001nam a2200277Ia 4500
003 GCL
005 20240530103034.0
008 140319s1994 ua 000 0 ara d
017 _a1994/8968
_bمصر. دار الكتب
020 _a9770141275
040 _aGCL /
_cGCL
082 0 4 _a610.9/
_bق/س ت
100 0 _aسمير يحيى الجمال
245 1 0 _aتاريخ الطب والصيدلة المصرية :
_bفى العصر الفرعونى.
_nالجزء الاول /
_cتاليف سمير يحيى الجمال
260 _aالقاهرة :
_bالهيئة المصرية العامة للكتاب ،
_c1994
300 _a393 ص ؛
_c20 سم.
490 0 _aتاريخ المصريين ؛
_v74
650 0 4 _aتاريخ
650 0 4 _aالصيدلة
650 0 4 _aمصر القديمة
650 0 4 _aالحضارة الفرعونية
650 0 4 _aالعلوم عند الفراعنة
650 0 4 _aالطب القديم
650 0 4 _aالطب المصرى
942 _2ddc
_cBK
999 _c36357
_d36357